| 000 | 01166nam a2200409 a 4500 | ||
|---|---|---|---|
| 003 | AR-BaBNM | ||
| 005 | 20251128210130.0 | ||
| 008 | 082120s2002 ||||||||||||||000 | spa|| | ||
| 020 | _a84-85407-24-5 | ||
| 040 | _cAR-BaBNM | ||
| 245 | 0 | 0 |
_aHistoria de la literatura española e hispanoamericana _n1 |
| 260 |
_aMadrid _bEdiciones Orgaz _c1980 |
||
| 300 |
_a300 p. _bil. |
||
| 500 | _aContiene referencias bibliográficas al final de cada capítulo | ||
| 650 | 4 | _aHISTORIA LITERARIA | |
| 650 | 4 | _aLITERATURA ESPAÑOLA | |
| 650 | 4 | _aCRITICA LITERARIA | |
| 650 | 4 | _aEDAD MEDIA | |
| 650 | 4 | _aLITERATURA POPULAR | |
| 650 | 4 | _aARTE RELIGIOSO | |
| 650 | 4 | _aMISTICISMO | |
| 650 | 4 | _aLITERATURA CATALANA | |
| 650 | 4 | _aTRADICION ORAL | |
| 650 | 4 | _aTEATRO | |
| 650 | 4 | _aPOESIA | |
| 653 | _aEPICA | ||
| 653 | _aMESTER DE CLERECIA | ||
| 653 | _aNARRATIVA | ||
| 653 | _aHISTORIA ESPAÑOLA | ||
| 655 | _aLITERATURA | ||
| 700 | 1 |
_aPalacios Fernández, Emilio _edirector |
|
| 700 | 1 |
_aAlmunia Mata, José Luis _ecolaborador |
|
| 700 | 1 |
_aDel Olmo, Javier G. _ecolaborador |
|
| 700 | 1 |
_aDíaz, Antonio _erevisión |
|
| 942 | _cBK | ||
| 998 | _cMARTIN | ||
| 999 |
_c14179 _d14179 |
||